| 000 | 004070000a22001090004500 | ||
|---|---|---|---|
| 090 |
_aAS _bSeriadas |
||
| 245 | 1 | 0 | _aPrimer registro del porrón collarejo Aythya collaris (<Anatidae>) y de la anidación del ibis morito Plegadis falcinellus (<Threskiornithidae>) en el Caribe colombiano |
| 041 | 0 | _aEspañol | |
| 100 | 1 |
_aStiles, F. Gary _9877 |
|
| 942 | _cARTICULO | ||
| 773 | 1 |
_tCaldasia _345 _h2 _q559-561 _d2001 _g23 |
|
| 999 |
_c14921 _d14921 |
||